Najväčší priestor pre slovenské firmy v rámci projektov UNIDO sa ukazuje v južnej a východnej Afrike

Stručná história Organizácie Spojených národov pre priemyselný rozvoj (United Nations Industrial Development Organization - UNIDO). Členstvo a spolupráca SR s UNIDO. V r. 1994 začal fungovať spoločný program UNIDO-SR. Spoluprácu s UNIDO realizuje stredisko v Košiciach. Uplatnenie slovenských firiem...

Ausführliche Beschreibung

Gespeichert in:
Bibliographische Detailangaben
1. Verfasser: Hirman, Karel
Format: Buchkapitel
Sprache:Slowakisch
Schlagworte:
Tags: Tag hinzufügen
Keine Tags, Fügen Sie das erste Tag hinzu!

MARC

LEADER 00000naa a2200000 4500
001 r033142
005 20230921102147.7
041 0 |a slo 
044 |a SK 
245 1 0 |a Najväčší priestor pre slovenské firmy v rámci projektov UNIDO sa ukazuje v južnej a východnej Afrike  |c Karel Hirman 
520 |a Stručná história Organizácie Spojených národov pre priemyselný rozvoj (United Nations Industrial Development Organization - UNIDO). Členstvo a spolupráca SR s UNIDO. V r. 1994 začal fungovať spoločný program UNIDO-SR. Spoluprácu s UNIDO realizuje stredisko v Košiciach. Uplatnenie slovenských firiem v rámci projektov UNIDO na trhoch Latinskej Ameriky, južnej a východnej Afriky. Perspektíva usporiadania výstav s praktickým predvádzaním slovenských výrobkov. 
610 2 0 |a spolupráca hospodárska medzinárodná 
610 2 0 |a priemysel 
610 2 0 |a výrobky priemyselné 
610 2 0 |a trh zahraničný 
610 2 0 |a výstavy 
610 2 0 |a Latinská Amerika 
610 2 0 |a Afrika 
610 2 0 |a Slovensko 
610 2 0 |a UNIDO 
100 1 |a Hirman, Karel